Statystyki dla Co to za Flaga #2

Kliknij tutaj aby rozwiązać quiz!

Ogólne statystyki

  • Ten quiz został rozwiązany 43 razy
  • Średni wynik to 18 z 20

Statystyki odpowiedzi

Odpowiedź% Poprawnych
Czechy
100%
Korea Południowa
100%
Niemcy
100%
USA
100%
Dania
97%
Norwegia
97%
Portugalia
97%
Włochy
97%
Indie
95%
Indonezja
95%
Iran
95%
Iran
95%
Macedonia Północna
95%
Meksyk
95%
Nigeria
95%
Algieria
84%
Pakistan
84%
Malezja
79%
Afganistan
58%
Nikaragua
39%

Rozkład punktacji

Percentyl według liczby udzielonych odpowiedzi

Procent ludzi z każdym wynikiem

Twoja historia wyników

Nie rozwiązałeś tego quizu